LEADER 01163nas 2200361 450 001 990003485460203316 005 20110204120020.0 011 $a1386-9477 035 $a000348546 035 $aUSA01000348546 035 $a(ALEPH)000348546USA01 035 $a000348546 100 $a20110118a----9999km-y-itay50------ba 101 0 $aeng 102 $aNL 110 $aagazz--|||| 200 1 $aPhysica E, Low-dimensional systems and nanostructures 210 $aAmsterdam$cNorth-Holland 300 $aComincia nel 1997 300 $aDescrizione basata su: Vol.42, n.1(2010) 326 $aBimestrale 606 0 $aFisica tecnica$xPeriodici$2BNCF 676 $a621.05 801 0$aIT$bsalbc$gISBD 856 4$uhttp://periodici.caspur.it/cgi-bin/sciserv.pl?collection=journals&issn=13869477$4.$zOn line da workstation autorizzate 912 $a990003485460203316 958 $aSCI$bPER IV$c2007- 959 $aSE 979 $aMANCUSO$b90$c20110118$lUSA01$h1448 979 $aMANCUSO$b90$c20110127$lUSA01$h1537 979 $aMANCUSO$b90$c20110204$lUSA01$h1200 996 $aPhysica. E, Low-dimensional systems and nanostructures$9789532 997 $aUNISA LEADER 01425nam2-2200421li-450 001 990000110490203316 005 20180312154821.0 010 $a3-540-50619-5 035 $a0011049 035 $aUSA010011049 035 $a(ALEPH)000011049USA01 035 $a0011049 100 $a20001109d1989----km-y0itay0103----ba 101 0 $aeng 102 $aGW 200 1 $aDistance-regular graphs$fA.E. Brouwer, A.M. Cohen, A. Neumaier 210 $aBerlin [etc.]$cSpringer-Verlag$dcopyr. 1989 215 $aXVII, 495 p.$cill.$d25 cm 225 2 $aa series of modernsurveys in mathematics$v18 410 0$10010011050$12001$aa series of modernsurveys in mathematics$vErgebnisse der Mathematik und ihrer Grenzgebiete 610 1 $agrafi 676 $a5115$9Teoria e costruzione dei grafi 700 1$aBrouwer,$bAndries E.$042266 702 1$aCohen,$bArjeh M. 702 1$aNeumaier,$bArnold 801 $aSistema bibliotecario di Ateneo dell' Universitą di Salerno$gRICA 912 $a990000110490203316 951 $a510 EMIGR (18,A)$b0012820 CBS$c510$d00108468 951 $a510 EMIGR (18,B)$b0017214 CBS$c510$d00108469 959 $aBK 969 $aSCI 979 $c19910325 979 $c20001110$lUSA01$h1711 979 $aALANDI$b90$c20010607$lUSA01$h0958 979 $c20020403$lUSA01$h1618 979 $aPATRY$b90$c20040406$lUSA01$h1608 996 $aDistance-Regular Graphs$9349512 997 $aUNISA LEADER 00941nam0-22003131i-450 001 990005536470203316 005 20200922153652.0 035 $a000553647 035 $aUSA01000553647 035 $a(ALEPH)000553647USA01 100 $a20050719d1977----km y1itay5003----ba 101 0 $aita 102 $aIT 200 1 $a<>socialismo italiano$estrutture, comportamenti, valori$fAntonio Landolfi 205 $aNuova ed. aggiornata 210 $aCosenza$cLerici$d1977 215 $a498 p.$d21 cm 225 2 $aFatti, personaggi, idee, documenti del socialismo 410 1$12001$aFatti, personaggi, idee, documenti del socialismo 606 0 $aPartiti socialisti$2BNCF 676 $a324.2174 700 1$aLANDOLFI,$bAntonio$0272401 801 0$aIT$bSOL$c20120104 912 $a990005536470203316 951 $a300 324.2174 LAN$b1350 DISES 959 $aBK 969 $aDISES 996 $aSocialismo italiano$9294580 997 $aUNISA LEADER 04109nam 2200661 450 001 9910817226103321 005 20170821171534.0 010 $a1-4704-0633-0 035 $a(CKB)3360000000464413 035 $a(EBL)3113665 035 $a(SSID)ssj0000973832 035 $a(PQKBManifestationID)11612099 035 $a(PQKBTitleCode)TC0000973832 035 $a(PQKBWorkID)10989006 035 $a(PQKB)11450925 035 $a(MiAaPQ)EBC3113665 035 $a(RPAM)2282074 035 $a(PPN)195411129 035 $a(EXLCZ)993360000000464413 100 $a19800102h19801980 uy| 0 101 0 $aeng 135 $aur|n|---||||| 181 $ctxt 182 $cc 183 $acr 200 10$aPseudo-riemannian symmetric spaces /$fM. Cahen, M. Parker 210 1$aProvidence, Rhode Island :$cAmerican Mathematical Society,$d[1980] 210 4$d©1980 215 $a1 online resource (119 p.) 225 1 $aMemoirs of the American Mathematical Society ;$vnumber 229 300 $a"Volume 24, number 229 (end of volume)." 311 $a0-8218-2229-2 320 $aBibliography: pages 107-108. 327 $a""Table of Contents""; ""Introduction""; ""Chapter I. Pseudo-riemannian and pseudo-hermitian symmetric spaces""; ""A? 1. Pseudo-riemannian symmetric spaces""; ""A? 2. Pseudo-riemannian symmetric triples""; ""A? 3. Covering of symmetric spaces""; ""A? 4. Holonomy and the de Rham decomposition""; ""A? 5. Levi decomposition and reducibility""; ""A? 6. Pseudo-hermitian symmetric spaces""; ""A? 7. Levi factors""; ""Chapter II. Weakly irreducible spaces on which the action of the holonomy group is neither semi simple nor nilpotent""; ""A? 1. Decomposition of G into a direct sum of S-modules"" 327 $a""A? 2. Geometrical characterization of the subspaces X, P[sub(R)] and P[sub(S)]""""A? 3. Structure theorem for indecomposable PHSQ""; ""A? 4. Decomposition of V into minimal S-I??-stable subspaces""; ""Chapter III. Structure of the spaces admitting a maximal parallel foliation with zero curvature""; ""A? 1. Algebras with minimal multiplication""; ""A? 2. Construction of PRST and PHSQ with minimal multiplication""; ""A? 3. Classification of PRST with minimal multiplication""; ""A? 4. Symmetric spaces with parallel distribution""; ""Chapter IV. Structure of the S-module Y"" 327 $a""A? 1. Real and complex representations""""A? 2. Orthogonal representations""; ""A? 3. Representations compatible with I??""; ""A? 4. Non singular S-irreducible subspaces V[sub(I??)]""; ""A? 5. Non singular S-reducible subspaces V[sub(I??)]""; ""A? 6. Totally isotropic subspaces V[sub(I??)] in duality""; ""A? 7. Ricci tensor and complex structure""; ""Chapter V. Construction of the admissible S-modules V[sub(I??)]""; ""A? 1. Reformulation of the conditions of chapter IV""; ""A? 2. Some examples""; ""A? 3. Classification of the S-modules with dim S = 3"" 327 $a""Chapter VI. Some examples of non minimal multiplication""""A? 1. Indecomposable PRST with Levi factor Sl(2,R)/R""; ""A? 2. Indecomposable PHSQ with Levi factor Sl(2,R)/So(2) or So(3)/'So{2)""; ""Chapter VII. Classification of the indecomposable PRST of dimension lower than 8""; ""A? 1. Preliminary lemmas""; ""A? 2. dim P = 4""; ""A? 3. dim P = 5""; ""A? 4. dim P = 6""; ""A? 5. dim P = 7""; ""Bibliography"" 410 0$aMemoirs of the American Mathematical Society ;$vno. 229. 606 $aSymmetric spaces 606 $aHermitian structures 606 $aHolonomy groups 606 $aRepresentations of algebras 606 $aLie algebras 615 0$aSymmetric spaces. 615 0$aHermitian structures. 615 0$aHolonomy groups. 615 0$aRepresentations of algebras. 615 0$aLie algebras. 676 $a516.3/62 700 $aCahen$b M$g(Michel),$f1935-$01639128 702 $aParker$b M$g(Monique),$f1939- 801 0$bMiAaPQ 801 1$bMiAaPQ 801 2$bMiAaPQ 906 $aBOOK 912 $a9910817226103321 996 $aPseudo-riemannian symmetric spaces$93981906 997 $aUNINA LEADER 00867nam0-22003011i-450 001 990004994520403321 005 20240325170126.0 035 $aFED01000499452 035 $a(Aleph)000499452FED01 035 $a000499452 100 $a19990530h19471947km-y0itay50------ba 101 0 $aita 105 $ay-------001yy 200 1 $aRestauri Trecenteschi$fdi Ettore Li Gotti 210 $aPalermo$cG.B. Palumbo$h(stampa 1947) 215 $a157 p.$d21 cm 225 1 $aSaggi di letteratura italiana$v9 700 1$aLi Gotti,$bEttore$f<1910-1956>$0182509 801 0$aIT$bUNINA$gRICA$2UNIMARC 901 $aBK 912 $a990004994520403321 952 $aID 220$bFil. Mod.10855$fFLFBC 952 $aBIB. BAT.4102$b2067$fBAT 952 $aBIB. BAT.4102(bis)$b1035$fBAT 959 $aFLFBC 959 $aBAT 996 $aRestauri Trecenteschi$9530725 997 $aUNINA